000 00360nam a22001217a 4500
022 _a200 THE
100 _aMuhammad Sharjil
_970380
245 _aTH-SOF-1000-TRAJECTORY GENERATION AND TRACKING FOR UAV LANDING
260 _aISLAMABAD
_bNUST COLLEGE OF EME
_c2014
650 _aMS-MECH-64 MSTHESIS
_970381
700 _aDr. Hasan Aftab Saeed
_917309
942 _cCF
999 _c577364
_d577364